Wo liegt was? #1 - Karten Quiz - Statistiken

Allgemein
  • Dieses Quiz wurde 166 mal gespielt
  • Das Durchschnittsergebnis liegt bei 18 aus 50
Antworten auf der Karte
Die Antworten werden auf der Karte rot bzw. grün angezeigt, abhängig davon wie oft sie richtig erraten wurden.
 
Antwortstatistiken
Antwort % Korrekt
Pyramiden von Gizeh
81%
Kolosseum
73%
Notre Dame
72%
Taj Mahal
70%
Kreml
69%
Burj Kalifa
68%
Grand Canyon
67%
Mount Everest
67%
Akropolis
66%
Great Barrier Reef
63%
Artushof Danzig
62%
Atomium
62%
Kleine Meerjungfrau
59%
Machu Picchu
59%
Angkor Wat
52%
Fuji
52%
Zuckerhut
48%
Tafelberg
45%
Balaton / Plattensee
42%
Petronas Towers
39%
Stephansdom
38%
Serengeti-Nationalpark
34%
Totes Meer
32%
Mausoleum Qin Shihuangdis
29%
Wenzelsplatz
29%
Victoriafälle
28%
Salto Ángel
26%
Giant's Causeway
25%
Abraj Al Bait
24%
Torre de Belém
23%
Dufourspitze
22%
Hardangervidda
22%
Geysir Andernach
21%
Bay of Fundy
20%
Buddha Dordenma
20%
Höhlen von Postojna
19%
Moai
17%
Monument de la Renaissance africaine
17%
Pamukkale
17%
Tikal
15%
Great Blue Hole
14%
Chocolate Hills
13%
Cueva de las Manos
13%
Felsmalereien des Tassili n’Ajjer
13%
Magere Brug
13%
Tal der Rosen
10%
Fako
8%
Villa Vailima
8%
Großer Palast
7%
Großmeisterpalast
6%
Keine übereinstimmenden Quizze gefunden
Verteilung der Resultate
Anzahl Personen mit jedem Resultat
Perzentil nach korrekt beantworteten Fragen
Ihre Resultats-Entwicklung
Sie haben dieses Quiz noch nicht gespielt